000 01340nam a22003374a 4500
001 ebr10313656
003 CaPaEBR
006 m u
007 cr cn|||||||||
008 090121s2009 enka sb 001 0 eng
010 _z 2009001813
016 7 _z101494036
_2DNLM
020 _z9781405196017 (pbk.)
020 _z1405196017 (pbk.)
040 _aCaPaEBR
_cCaPaEBR
035 _a(OCoLC)428986900
050 1 4 _aRC382
_b.P224 2009eb
082 0 4 _a616.8/33
_222
245 0 0 _aParkinsonian disorders in clinical practice
_h[electronic resource] /
_cedited by Anthony H.V. Schapira, Andreas Hartmann, Yves Agid.
260 _aChichester, UK ;
_aHoboken, NJ :
_bWiley-Blackwell,
_c2009.
300 _axii, 196 p. :
_bcol. ill.
504 _aIncludes bibliographical references and index.
533 _aElectronic reproduction.
_bPalo Alto, Calif. :
_cebrary,
_d2013.
_nAvailable via World Wide Web.
_nAccess may be limited to ebrary affiliated libraries.
650 0 _aParkinson's disease.
655 7 _aElectronic books.
_2local
700 1 _aSchapira, Anthony H. V.
_q(Anthony Henry Vernon)
700 1 _aHartmann, Andreas,
_cM.D.
700 1 _aAgid, Yves.
710 2 _aebrary, Inc.
856 4 0 _uhttp://site.ebrary.com/lib/rucke/Doc?id=10313656
_zAn electronic book accessible through the World Wide Web; click to view
999 _c62825
_d62825